000 01010nam a2200253 i 4500
001 18733
003 ES-MaACL
005 20240315063014.0
007 t|
008 020308s1997 sp ||||0| spa
020 _a84-7173-322-6
080 _a271.5(460.154 S.S.)
100 1 _aTellechea Idígoras, José Ignacio,
_d1928-2008
_9109621
245 1 4 _aUna historia turbulenta
_b: la fundación de la Compañía de Jesús en San Sebastián (1619-1627) /
_cJosé Ignacio Tellechea Idígoras.
260 _aDonostia-San Sebastián :
_bFundación Social y Cultural Kutxa,
_c1997.
300 _a438 p ;
_c24 cm.
490 1 _aMonografías (Instituto Dr. Camino de Historia Donostiarra) ;
_v45
610 2 7 _aJesuitas-
_zSan Sebastián.
_95363
710 2 _aFundación Kutxa.
_94354
710 2 _aInstituto Dr. Camino de Historia Donostiarra.
_95025
830 1 _aMonografías (Instituto Dr. Camino de Historia Donostiarra) ;
_v45
_9180513
852 _aES-MaACL
_jL-25310
999 _c18733
_d18733